Quiz - Maitre Gims - Statistiques

Statistiques générales
  • Ce quiz a été pris 467 fois
  • Le résultat moyen est 6 sur 10
Statistiques - réponses
Questions Réponses % Correct
Comment s’appelle son frère, qui a également une carrière musicale? Dadju
91%
Quel est le nom de son ancien groupe de rap qui l’a fait connaître? Sexion d’Assaut
85%
Avec quel rappeur partage-t-il la chanson “Sapés Comme Jamais”? Niska
77%
En quelle année à t-il chanté au Stade De France? 2019
66%
Comment s’appelle sa femme? Demdem
63%
Quel pays la nommer Ambassadeur de La Rumba? République démocratique du Congo
57%
Dans quel pays reside-t-il? Maroc
54%
Dans quelle ville est-il né? Kinshasa
44%
Pour quelle série sur TF1 prête-il sa voix dans le generique? Ici Tout Commence
39%
Donnez le nom de son album sorti en 2018 Ceinture Noire
31%
Aucun quiz correspondant
Distribution des résultats
% des personnes avec chaque résultat
Percentile par nombre de réponses
Votre historique - résultats
Vous n’avez pas pris ce quiz